Štruktúra a úlohy školských úradov a ich výhody pre samosprávu
Formy organizačného usporiadania školských úradov. Odborné činnosti vykonávané zamestnancami školských úradov. Výhody školského úradu pre obce a štát. Návrhy na zabezpečenie činnosti obce ako školského úradu.
Na minha lista:
| Autor principal: | |
|---|---|
| Formato: | Capítulo de Livro |
| Idioma: | eslovaco |
| Assuntos: | |
| Tags: |
Sem tags, seja o primeiro a adicionar uma tag!
|
MARC
| LEADER | 00000nla a2200000 4500 | ||
|---|---|---|---|
| 001 | 0177551 | ||
| 005 | 20240502073025.0 | ||
| 041 | 0 | |a slo | |
| 044 | |a SK | ||
| 245 | 1 | 0 | |a Štruktúra a úlohy školských úradov a ich výhody pre samosprávu |c Zuzana Neupauerová |
| 520 | |a Formy organizačného usporiadania školských úradov. Odborné činnosti vykonávané zamestnancami školských úradov. Výhody školského úradu pre obce a štát. Návrhy na zabezpečenie činnosti obce ako školského úradu. | ||
| 610 | 2 | 0 | |a školstvo |
| 610 | 2 | 0 | |a úrady |
| 610 | 2 | 0 | |a kompetencie |
| 610 | 2 | 0 | |a financovanie |
| 610 | 2 | 0 | |a obce |
| 610 | 2 | 0 | |a mestá |
| 610 | 2 | 0 | |a samospráva |
| 100 | 1 | |a Neupauerová, Zuzana | |